U.S. Songs - Statistics

General Stats
  • This quiz has been taken 7 times
  • The average score is 6 of 23
Answer Stats
Answer % Correct
The Star Spangled Banner
86%
Yankee Doodle
71%
Yankee Doodle Dandy
71%
America The Beautiful
57%
God Bless America
57%
The Stars and Stripes Forever
57%
My Country Tis of Thee
43%
Over There
43%
Hail To The Chief
29%
Anchors Away
14%
Battle Hymn of The Republic
14%
This Land Is My Land
14%
You're a Grand Ole Flag
14%
Columbia, The Gem of The Ocean
0%
El Capitan
0%
Hail, Columbia
0%
National Emblem March
0%
Semper Fidelis
0%
Semper Paratus
0%
The Army Goes Rolling Along
0%
The Battle Cry of Freedom
0%
The Marines Hymn
0%
The U.S. Airforce Song
0%
No matching quizzes found
Score Distribution
Percent of People with Each Score
Percentile by Number Answered
Your Score History
You have not taken this quiz